| 000 | 003860000a22001570004500 | ||
|---|---|---|---|
| 001 | 004245 | ||
| 003 | MACL | ||
| 040 | _aMACL | ||
| 090 |
_c16238 _d16237 |
||
| 100 | _aBanerjee, Himadri | ||
| 245 |
_aThe Other Sikhs _bA View From Eastern India Vol.1 _cHimadri Banerjee |
||
| 260 |
_aManohar Publishers & Distributers, _c2003 |
||
| 350 | _a550 | ||
| 650 | _aReligion | ||
| 942 |
_k295 _cBOOK |
||
| 999 |
_c16136 _d16136 |
||